Geológia a hydrogeológia

Salvato in:
Dettagli Bibliografici
Autori principali: Šajgalík, Ján (Autore), Malgot, Jozef, 1937- (Autore)
Natura: Libro
Lingua:slovacco
Pubblicazione: Bratislava : SVŠT v Bratislave, 1979
Tags: Aggiungi Tag
Nessun Tag, puoi essere il primo ad aggiungerne!!

MARC

LEADER 00000nam a22000003a 4500
001 stu87264
005 20150617225629.9
008 040528s1979----cs------------------slo-d
040 |a STU  |b slo 
041 0 |a slo 
044 |a cs 
080 |a 551.1/.4 
080 |a 556.3(075.8)  |7 stu_us_auth*stu13827 
100 1 |a Šajgalík, Ján  |4 aut 
245 1 |a Geológia a hydrogeológia 
260 |a Bratislava :  |b SVŠT v Bratislave,  |c 1979 
300 |a 198 s 
700 1 |a Malgot, Jozef,  |d 1937-  |4 aut  |u V150  |U SvF Stavebná fakulta  |T SvF Katedra geotechniky  |X 828  |U V150  |Y 15  |7 A000000828 
996 |b 284V003410  |c V*29389/S-88  |l VVS  |s A  |a 24  |w stu87264_0001 
996 |b 284V025321  |c V*5225/S-79  |l VVS  |s A  |a 24  |w stu87264_0002